00565nam a2200169 a 450000100100000000500170001000800410002702000150006804000250008310000300010824500580013825000110019626000380020730000270024595201060027299900170037800003623620200930075629.0120111s1985 ag a 000 0 spa d a9500201356 aDO-SdBNPbspacBNPHU1 aMartínez, Matias96231713aLa enfermera y los medicamentos /cMatias Martínez. a3a ed. aBuenos Aires :bEl ateneo,c1985. a262 p. :bil. ;c22 p. 0010507-18MOaGRbGRcOId2012-01-11iLF1l0o p36236-10r2020-06-25w2020-06-25y1ZNo se presta c35727d35727